Địa danh Việt Nam trong tục ngữ ca dao
Nội dung cuốn sách cung cấp những thông tin tương đối đầy đủ về những địa danh được xuất hiện trong tục ngữ, ca dao với những phong tục tập quán tốt đẹp của dân tộc, những sản vật ngon, những làng nghề truyền thống những danh nhân kiệ...
সংরক্ষণ করুন:
| প্রধান লেখক: | |
|---|---|
| বিন্যাস: | গ্রন্থ |
| ভাষা: | Undetermined |
| প্রকাশিত: |
Hà Nội
Từ điển Bách Khoa
2006
|
| বিষয়গুলি: | |
| ট্যাগগুলো: |
ট্যাগ যুক্ত করুন
কোনো ট্যাগ নেই, প্রথমজন হিসাবে ট্যাগ করুন!
|
| Thư viện lưu trữ: | Trung tâm Học liệu Trường Đại học Cần Thơ |
|---|
| LEADER | 01048nam a2200205Ia 4500 | ||
|---|---|---|---|
| 001 | CTU_133743 | ||
| 008 | 210402s9999 xx 000 0 und d | ||
| 020 | |c 190000 | ||
| 082 | |a 398.903 | ||
| 082 | |b D513 | ||
| 100 | |a Vũ, Quang Dũng | ||
| 245 | 0 | |a Địa danh Việt Nam trong tục ngữ ca dao | |
| 245 | 0 | |c Vũ Quang Dũng | |
| 260 | |a Hà Nội | ||
| 260 | |b Từ điển Bách Khoa | ||
| 260 | |c 2006 | ||
| 520 | |a Nội dung cuốn sách cung cấp những thông tin tương đối đầy đủ về những địa danh được xuất hiện trong tục ngữ, ca dao với những phong tục tập quán tốt đẹp của dân tộc, những sản vật ngon, những làng nghề truyền thống những danh nhân kiệt xuất của từng địa danh trên khắp đất nước Việt Nam. | ||
| 650 | |a Proverbs, vietnamese,Tục ngữ, Việt nam | ||
| 904 | |i Năm | ||
| 980 | |a Trung tâm Học liệu Trường Đại học Cần Thơ | ||